| 000 | 00426 a2200169 4500 | ||
|---|---|---|---|
| 001 | 81563 | ||
| 020 | _a9780071250849 | ||
| 082 | _a621.4021 CEN | ||
| 090 |
_c39789 _d39789 |
||
| 100 | _aYunus A Cengel | ||
| 245 |
_aThermodynamics an engineering approach, 5th/ed _cYunus A Cengel |
||
| 250 | _a5 | ||
| 260 |
_aBoston _bMc Graw _c2006 |
||
| 300 | _axxix 946 | ||
| 500 | _aBE textbook Aerospace | ||
| 505 | _aAHQ Books | ||
| 942 |
_aNUST-CAE _k621.4021 CEN |
||
| 999 |
_c316636 _d316636 |
||